réf les designer - Statistiques

Statistiques générales
  • Ce quiz a été pris 4 fois
  • Le résultat moyen est 7 sur 44
Statistiques - réponses
Date ref designer % Correct
1859 Chaise n14 Michael Thonet
100%
2004 Reanim, la médecine des objets studio 5.5
75%
1984 Pratt chair Gaetano Pesce
50%
2004 Algues Ronan et Erwan Bouroullec
50%
2008 Clouds Ronan et Erwan Bouroullec
50%
1991 Rag chair Tejo Remy
50%
2023 Robe en spray Coperni
25%
2008 Vase #44 François Brument
25%
1997 Musée Guggenheim Frank Gehry
25%
2005 Sketch furniture Front Design
25%
2018 Collection Syntopia Iris Van Herpen
25%
2006 100 chaises en 100 jours Martino Gamper
25%
2000 Signalétique du centre Pompidou Ruedi Baur
25%
1995 Abri d'Urgence Shigeru Ban
25%
2009 Le Clou Stéphane Bureaux
25%
1989 church of the light Tadao Ando
25%
2007 Centre Heydar Aliyev Zaha Hadid
25%
2012 Campagne de communication lego "imagine" Agence de com. BRAD
0%
2011 Identité Visuelle de MIT Media Lab Agence The Green Eyl
0%
2015 Tapis "Végétaux" Alexandra Kehayoglou
0%
2001 Flying carpet Ana mir et Emili Pedros
0%
1986 Série Animali Domestici Andrea Branzi
0%
2001 Musée Juif de Berlin Daniel Libeskind
0%
2013 Soft Cabinets Dewi Van de Klomp
0%
2006 Raubdruckerin, Impression Pirate Emma -France Raff
0%
2003 Cookie Cup pour Lavazza Enrique Luis Sardi
0%
2012 Lufa Series Fernando Laposse
0%
2012 les Super Arbres des Gardens by the Bay Grant associates
0%
1987 Institut du monde Arabe Jean Nouvel
0%
2005 Tables Cinderella Jeroën Verhoeven
0%
2012 Escale Numérique Mathieu Lehanneur
0%
Affiches culturelles Michal Batory
0%
2016 Hockenheimer Njustudio
0%
2016 ZighiZaghi OFL Architecture
0%
2003 Voies Navigables de France Philippe Apeloig
0%
1968-1969 Sacco Piero Gatti, Cesare Paolini et Franco Teodoro
0%
2017 Petit pli Ryan Mario Yasin
0%
Rong, Lampe Nomade Seung-Yong Song
0%
2006 Gourd Project HyO Studio crème / Jun Aizali
0%
2015 Lanna Factory Lamps studio Thinkk
0%
2016 Print your City The New Raw
0%
2005 Kruikantoor, mobile office Tim Vinke
0%
2014 Butter Better Yeongkeun Jeong
0%
2012 Interactive Dresses Ying Gao
0%
Aucun quiz correspondant
Distribution des résultats
% des personnes avec chaque résultat
Percentile par nombre de réponses
Votre historique - résultats
Vous n’avez pas pris ce quiz